000 00270nam a2200121Ia 4500
008 231129s1979||||xx |||||||||||||| ||spa||
040 _bspa
082 _aR 036 E56i
245 0 _aEnciclopedia ilustrada Cumbre
260 _c1979
264 _aCumbre
942 _2ddc
_cBKS
999 _c12989
_d12989